Globalizácia požiadaviek na kvalitu, bezpečnosť a účinnosť liekov

Podrobná bibliografia
Hlavný autor: Martinec, Ľudovít, 1943- (Autor)
Médium: Článok
Jazyk:slovenčina
ISSN:0014-8172
Predmet:

MARC

LEADER 00000nab a2200000 a 4500
001 vtls000666417
003 SK-MaSNL
005 20260304085353.0
008 250425c1998 xo 0 slo
015 |a SNBRB1998/07-19673 
035 |a CLN000018601 
035 |a urn:nbn:sk:snk-ab1ox4 
035 |a (urnnbn)urn:nbn:sk:snk:ar-004tce 
035 |a (uuid)bf216193-bfe5-47ab-a0c5-436b0bff2844 
040 |a SNKBUCL  |b slo  |c SNKBUCL  |e AACR2 
041 0 |a slo 
044 |a xo  |c SK 
080 |a 615.012  |2 1997 
100 1 |a Martinec, Ľudovít,  |d 1943-  |4 aut  |9 11555 
245 1 0 |a Globalizácia požiadaviek na kvalitu, bezpečnosť a účinnosť liekov  |c Ľ. Martinec 
650 0 7 |a lieky  |x kvalita  |x bezpečnosť  |x prednášky  |x abstrakty  |2 snkbucl  |9 1378751 
655 7 |a články z novín a časopisov  |2 snkbucl  |9 267496 
773 0 |t Farmaceutický obzor  |g Roč. 67, č. 7-8 (1998), s. 178  |x 0014-8172 
850 |a Slovenská národná knižnica 
852 |a Slovenská národná knižnica 
954 |a odborná, vedecká literatúra pôvodná (slovenská)  |2 lita 
958 |a article27 
958 |a OND 
958 |a EUIPO 
992 |a RBX 
999 |c 2807749  |d 2809679